000 00530nam a2200217Ia 4500
003 OSt
005 20240306095359.0
008 210210b1975 xxu||||| |||| 00| 0 eng d
020 _a0706994590
040 _cAL
041 _aeng
082 _a383/169 UGC
100 _aKUCHHAL (M C)
_9153138
245 _aSecretarial practice
250 _a13 Rev
260 _aNew Delhi
_bVikas Publishing House Pvt Ltd.,
_c1975
300 _axxiv,634
690 _aSecretarial Practice
_9153144
906 _a042736
942 _2ddc
_cBK
999 _c128010
_d128010